Представление документа в формате RUSMARC

ПолеНазваниеЗначение
  Тип записи c
  Библиографический уровень m
001 Контрольный номер RU/УОНБ/EK_N/346241581
005 Дата корректировки 20240130235126.8
100 Данные общей обработки __
a Данные общей обработки 20101221g2006 |||y0rusy0189||||ca
101 Язык документа 0_
a Язык текста rus
102 Страна публикации __
a Страна публикации RU
105 Кодированные данные (монография) __
a Кодированные данные (монография) y###||||000|y
125 Кодированные данные звукозаписи и нотных изданий __
a Форма изложения нотного текста z|
128 Кодированные данные (звукозаписи-физические характеристики) __
a Кодированные данные: Музыкальная форма и тональность или лад
c Инструменты или голоса, рекомендуемые для солистов (устаревшее) tb||
200 Заглавие и сведения об ответственности 1_
a Заглавие Хиты под гитару
e Сведения, относящиеся к заглавию учебно-методическое пособие
f Первые сведения об ответственности Б. Павленко
205 Сведения об издании __
a Основные сведения об издании 2-е изд.
210 Выходные данные 1_
a Место издания Ростов-на-Дону
c Издательство Феникс
d Дата издания 2006 -
215 Физическое описание __
d Формат 29 см
225 Серия 0_
a Серия Любимые мелодии
512 Заглавие обложки 1_
a Заглавие обложки Хиты под гитару
686 Индексы других классификаций __
a Классификационный индекс 85
2 Код системы rubbk
700 Автор _1
a Фамилия Павленко
b Имя (инициалы) Б. М.
g Полное личное имя Борис Михайловмч
801 Источник записи _0
a Страна RU
b Организация Ульяновская ОНБ
c Дата составления 20101221
g Правила каталогизации RCR
801 Источник записи _1
a Страна RU
b Организация Ульяновская ОНБ
c Дата составления 20101221
g Правила каталогизации RCR
901 Тип документа __
t Тип документа v
909 Создатель записи __
a Создатель записи Никитина Т. А.
938 Служебная информация __
a Имя БД noti
b Имя библиотеки УОНБ
c Имя АИБС МАРК-SQL
d Номер DOC_ID в БД 8147